Letting go (Record no. 75444)
[ view plain ]
| 000 -LEADER | |
|---|---|
| fixed length control field | 00845cab a2200205 4500 |
| 001 - CONTROL NUMBER | |
| control field | L130078 |
| 008 - FIXED-LENGTH DATA ELEMENTS--GENERAL INFORMATION | |
| fixed length control field | 050620n2005 000 0 eng u |
| 035 ## - SYSTEM CONTROL NUMBER | |
| System control number | (Sirsi) u130078 |
| 041 ## - LANGUAGE CODE | |
| Language code of text/sound track or separate title | eng |
| 100 ## - MAIN ENTRY--PERSONAL NAME | |
| Personal name | West, John |
| 245 ## - TITLE STATEMENT | |
| Title | Letting go |
| 260 ## - PUBLICATION, DISTRIBUTION, ETC. | |
| Date of publication, distribution, etc. | 2005 |
| 490 ## - SERIES STATEMENT | |
| Series statement | Solicitors' Journal |
| Volume/sequential designation | 149(24) 17 June 2005, 728-730(2) |
| 520 ## - SUMMARY, ETC. | |
| Summary, etc. | Investigates conditions in leases to restrict subletting with reference to case law, "Allied Dunbar Assurance plc v Homebase Ltd" ([2002] EWCA Civ 666, ABS65740) and "Bocardo SA v S and M Hotels Ltd" ([1979] 252 EG 59). |
| 590 ## - LOCAL NOTE (RLIN) | |
| Local note | IKA040705 |
| 650 ## - SUBJECT ADDED ENTRY--TOPICAL TERM | |
| Topical term or geographic name entry element | HOMEBASE LTD AND ANOTHER V ALLIED DUNBAR ASSURANCE PLC |
| 650 ## - SUBJECT ADDED ENTRY--TOPICAL TERM | |
| Topical term or geographic name entry element | BOCARDO SA V S&M HOTELS LTD |
| 690 ## - LOCAL SUBJECT ADDED ENTRY--TOPICAL TERM (OCLC, RLIN) | |
| Topical term or geographic name as entry element | PROPERTY-COMMERCIAL PROPERTY-LEASEHOLD COMMERCIAL PROPERTY-COMMERCIAL LANDLORD AND TENANT-BUSINESS TENANCIES |
| 942 ## - ADDED ENTRY ELEMENTS (KOHA) | |
| Suppress in OPAC | 0 |
| Withdrawn status | Lost status | Source of classification or shelving scheme | Damaged status | Not for loan | Home library | Current library | Shelving location | Date acquired | Total Checkouts | Full call number | Barcode | Date last seen | Copy number | Price effective from | Koha item type |
|---|---|---|---|---|---|---|---|---|---|---|---|---|---|---|---|
| Dewey Decimal Classification | London | London | Journal article | 20/06/2005 | L130078 | 130078-1001 | 06/08/2019 | 1 | 06/08/2019 | Journal article |